000 00393nam a2200181Ia 4500
001 13795
005 20260306164827.0
008 260306t2008||||xx |||||||||||||| ||spa||
041 _aESP
082 _a005.3
_bC72
100 _aCoar, Ken
_eAUT
245 0 _aApache
260 _c2008
300 _a349 páginas :
_c22 cm.
650 _aGEN
654 _aCCC
942 _cLIB
_dJUS
_fJUS
_2ddc
_n
999 _c13795
_d13795